000 00959nam a22002651u 4500
001 12330
003 HDC
007 cr bn ---
008 210209p2001 my eng
040 _aHDC
100 _aYau, Peng Yam,
_eauthor
_912896
245 2 _aA light microscopy study on the cell walls decay of biodegraded coir waste /
_cby Yau Peng Yam and Richard James Murphy
260 _aSerdang :
_bMalaysian Agricultural Research and Development Institute (MARDI),
_c2003
300 _a1 page
336 _atext
_2rdacontent
337 _acomputer
_2rdamedia
338 _aonline resource
_2rdacarrier
650 _aBiodegradation
_912897
650 _aCoir waste
_912643
650 _aLlight microscopy
_912900
856 _zRequest full-text at [email protected]
942 _2lcc
942 _cAR
942 _kJART 003099
999 _c9653
_d9653